| 000 | 00797nam a2200181 i 4500 | ||
|---|---|---|---|
| 001 | 46094 | ||
| 003 | ES-MaACL | ||
| 005 | 20230906161328.0 | ||
| 007 | t| | ||
| 008 | 030327s1946 sp ||||1| spa d | ||
| 100 | 1 |
_aConcha y Martínez, Ignacio de la. _940077 |
|
| 245 | 1 | 3 |
_aLa "presura" _b: la ocupación de tierras en los primeros siglos de la reconquista / _cIgnacio de la Concha y Martínez. |
| 260 |
_aMadrid : _bConsejo Superior de Investigaciones Científicas, Instituto Francisco de Vitoria, _c1946 ( _fRivadeneyra) |
||
| 300 |
_a152 p. ; _c19 cm. |
||
| 500 | _aEs separata de: Instituto Nacional de Estudios Jurídicos. Serie 3ª. Monografías de Derecho Español. Nº 4. | ||
| 710 | 2 |
_aInstituto Nacional de Estudios Jurídicos (España) _95163 |
|
| 852 |
_aES-MaACL _jB-10575 _bR.22362 |
||
| 999 |
_c46094 _d46094 |
||